000 01068nmm a2200313 a 4500
001 ocm000754771
003 TR-IsHL
005 20201028142829.0
008 140118s2012 tu eng
007 cr cn
020 _a9786051371122
035 _a754771
_b(N$T)
050 0 4 _aHC491
_b.E38 2012
090 0 4 _aHC491
_b.E38 2012
245 1 0 _aEconomic report: Turkish and world economy in 2011
_h[electronic resource] /
_cİlkay Çapraz...[ve öte.]
260 _aİstanbul :
_bIstanbul Chamber of Commerce,
_c2012
300 _a257 p.
650 4 _aEkonomi ve Finans
650 4 _aEconomics and Finance
650 0 _aTürkiye
_x Ekonomi politikası
650 0 _aTurkey
_x Economic policy
650 0 _aTürkiye
_x Ekonomik koşullar
650 0 _aTurkey
_x Economic conditions
650 0 _aEkonomi
_x Türkiye
650 0 _aEconomics
_x Turkey
650 7 _aBUSINESS & ECONOMICS / Economic History
_2bisacsh
700 1 _aÇapraz, İlkay
856 4 0 _uhttp://search.ebscohost.com/login.aspx?direct=true&scope=site&db=e011xww&AN=754771
999 _c8569
_d8569